Normal view
MARC view
- Business Mathematics
Entry Topical Term
001 - CONTROL NUMBER
- control field: 1867
003 - CONTROL NUMBER IDENTIFIER
- control field: JO-AjAnu
005 - DATE AND TIME OF LATEST TRANSACTION
- control field: 20230606070617.0
008 - FIXED-LENGTH DATA ELEMENTS
- fixed length control field: 230606|| aca||aabn | a|a d
040 ## - CATALOGING SOURCE
- Original cataloging agency: JO-AjAnu
- Transcribing agency: JO-AjAnu
150 ## - HEADING--TOPICAL TERM
- Topical term or geographic name entry element: Business Mathematics
670 ## - SOURCE DATA FOUND
- Source citation: Work cat.: (JO-AjAnu)983: Cox,Dennis / Cox Michael, author 1866, The Mathematics of Banking and Finance